Teaching with cases / (Record no. 2932)

000 -LEADER
fixed length control field nam a22 7a 4500
005 - DATE AND TIME OF LATEST TRANSACTION
control field 20170518163335.0
008 - FIXED-LENGTH DATA ELEMENTS--GENERAL INFORMATION
fixed length control field 170518b2003 -uk||||| |||| 00| 0 eng d
020 ## - INTERNATIONAL STANDARD BOOK NUMBER
International Standard Book Number 0771424191
040 ## - CATALOGING SOURCE
Original cataloging agency AKMAL
082 ## - DEWEY DECIMAL CLASSIFICATION NUMBER
Classification number 658.0711 ERS
090 ## - LOCALLY ASSIGNED LC-TYPE CALL NUMBER (OCLC); LOCAL CALL NUMBER (RLIN)
Classification number (OCLC) (R) ; Classification number, CALL (RLIN) (NR) 658.0711
Local cutter number (OCLC) ; Book number/undivided call number, CALL (RLIN) ERS
100 1# - MAIN ENTRY--PERSONAL NAME
Personal name Erskine, James A.,
Dates associated with a name 1942-
9 (RLIN) 6139
245 10 - TITLE STATEMENT
Title Teaching with cases /
Statement of responsibility, etc. James A. Erskine, Michiel R. Leenders, Louise A. Mauffette-Leenders.
250 ## - EDITION STATEMENT
Edition statement 3rd ed.
260 ## - PUBLICATION, DISTRIBUTION, ETC.
Place of publication, distribution, etc. London, Ont. :
Name of publisher, distributor, etc. Richard Ivey School of Business, University of Western Ontario,
Date of publication, distribution, etc. 2003.
300 ## - PHYSICAL DESCRIPTION
Extent viii, 262 p. :
Other physical details ill. ;
Dimensions 23 cm
500 ## - GENERAL NOTE
General note Includes index.
650 #0 - SUBJECT ADDED ENTRY--TOPICAL TERM
Topical term or geographic name entry element Business education.
9 (RLIN) 6140
650 #0 - SUBJECT ADDED ENTRY--TOPICAL TERM
Topical term or geographic name entry element Case method.
9 (RLIN) 5835
700 1# - ADDED ENTRY--PERSONAL NAME
Personal name Leenders, Michiel R.
9 (RLIN) 6132
700 1# - ADDED ENTRY--PERSONAL NAME
Personal name Mauffette-Leenders, Louise A.
9 (RLIN) 6130
710 2# - ADDED ENTRY--CORPORATE NAME
Corporate name or jurisdiction name as entry element Richard Ivey School of Business.
9 (RLIN) 6133
942 ## - ADDED ENTRY ELEMENTS (KOHA)
Source of classification or shelving scheme
Koha item type Book
Holdings
Withdrawn status Lost status Source of classification or shelving scheme Damaged status Not for loan Collection code Home library Current library Shelving location Date acquired Inventory number Total Checkouts Full call number Barcode Date last seen Price effective from Koha item type
          NON-FICTION AKMAL Melaka AKMAL Melaka PINJAMAN 18.05.2017 602678   658.0711 ERS 201703756 18.05.2017 18.05.2017 Book
Pusat Sumber Maklumat Dato' Haji Sarmin Md Hussin, Akademi Kastam Diraja Malaysia, Melaka
Tel: 06-2331106 | Faks: 06-2313787